[Event "FIDE Chesscom Grand Swiss 2021"]
[Site "Riga"]
[Date "2021.10.28"]
[Round "2.3"]
[White "Saric, Ivan"]
[Black "Alekseenko, Kirill"]
[Result "1-0"]
[WhiteElo "2644"]
[BlackElo "2710"]
[Annotator "TA"]
[PlyCount "97"]
[EventDate "2021.10.27"]
[EventType "swiss"]
[EventCountry "LAT"]
[Tiebreak "Cut1 Buchholz+Sonneborn-Berger (Swiss)"]
[SourceTitle "playchess.com"]
[Source "ChessBase"]
[SourceQuality "1"]

{[%evp 21,97,29,24,19,38,37,39,29,37,40,41,33,52,44,87,82,80,92,80,91,93,83,90,
89,89,93,93,94,102,102,108,110,110,117,179,184,186,180,179,149,152,158,174,165,
153,153,158,122,300,300,300,300,260,253,408,408,408,408,408,408,385,370,12820,
12796,12503,7921,29958,29954,29955,29951,29958,29956,6091,5431,29959,29958,
6097,5214]} 1. e4 e5 2. Nf3 Nc6 3. Bb5 a6 4. Ba4 Nf6 5. O-O Be7 6. Re1 b5 7.
Bb3 O-O 8. c3 d5 9. exd5 Nxd5 10. Nxe5 Nxe5 11. Rxe5 c6 12. d3 {C89: Closed
Ruy Lopez: Marshall Attack.} a5 {[#]} 13. Re1 $146 ({Predecessor:} 13. Bxd5
cxd5 14. Bf4 Bf6 15. Re1 d4 16. Be5 Bxe5 17. Rxe5 Ra6 18. a4 Rg6 19. g3 dxc3
20. Nxc3 b4 21. Nd5 Re6 22. d4 Rxe5 23. dxe5 Be6 24. Nf4 Qxd1+ 25. Rxd1 Bb3 26.
Rd6 Rc8 {1/2-1/2 (26) Holroyd,K (2493)-Sasikiran,K (2554) ICCF email 2018})
13... a4 14. Bc2 {White is slightly better.} Bf5 15. a3 Re8 16. Nd2 {[%cal
Bb1d2,Bd2e4,Be4g3][%mdl 32]} Bg6 17. Ne4 f5 {[#]} 18. Ng3 Bd6 19. Rxe8+ Qxe8
20. Bd2 Ra7 21. Qf1 Re7 22. Re1 f4 23. Rxe7 Qxe7 24. Ne4 f3 25. g3 Nf6 26. Bg5
Bxe4 27. dxe4 h6 (27... Bc5 $16 {might work better.} 28. Bxf6 Qxf6) 28. Bxf6
$18 Qxf6 29. Qd3 g5 30. h3 h5 31. e5 $1 {[%cal Re5f6]} Qxe5 32. Qxf3 h4 {
[%cal Rh4g3]} 33. gxh4 ({Resist} 33. Qxc6 $6 hxg3 34. Qf3 gxf2+ 35. Kxf2 Kg7
$14) 33... gxh4 34. Be4 ({Don't take} 34. Qxc6 $6 Qh2+ 35. Kf1 Qxh3+ 36. Qg2+
Qxg2+ 37. Kxg2 Bf4 $14) 34... Qg5+ $2 {Black cannot hold the game after this.}
(34... c5 $16 {was necessary.} 35. Qg4+ Kf8 36. Qxh4 Be7) 35. Qg2 Qxg2+ 36.
Kxg2 {[%mdl 4096] Endgame KB-KB} c5 37. Bc6 b4 $2 (37... Bf4 {keeps fighting.}
38. Bxb5 Bc1) 38. axb4 cxb4 39. cxb4 Bxb4 40. Bxa4 Kg7 41. f4 Bd6 $2 (41... Kf7
42. Kf3 Be7 43. Bb3+ Kf6) 42. Kf3 Kf6 43. Ke4 Bb4 44. Bd7 Bd6 45. Bg4 Bb4 46.
Kd5 Bd2 {[#]} 47. f5 $1 Be1 48. Kc5 Bf2+ 49. Kb5 {Weighted Error Value:
White=0.02/Black=0.39} 1-0

[Event "FIDE Chesscom Grand Swiss 2021"]
[Site "Riga"]
[Date "2021.10.28"]
[Round "2.4"]
[White "Maghsoodloo, Parham"]
[Black "Gukesh D"]
[Result "1/2-1/2"]
[WhiteElo "2701"]
[BlackElo "2640"]
[Annotator "TA"]
[PlyCount "95"]
[EventDate "2021.10.27"]
[EventType "swiss"]
[EventCountry "LAT"]
[Tiebreak "Cut1 Buchholz+Sonneborn-Berger (Swiss)"]
[SourceTitle "playchess.com"]
[Source "ChessBase"]
[SourceQuality "1"]

{[%evp 13,95,9,31,29,31,23,16,16,16,16,16,16,26,16,15,10,28,31,34,14,22,17,47,
-20,-20,-20,-23,-22,-27,-18,0,-23,0,0,8,-70,-8,-11,-18,-8,-25,-15,0,0,0,0,0,0,
0,-3,0,0,0,-25,-18,-17,-20,-15,-10,-16,-14,-16,-19,-14,-13,-72,-8,-8,-8,-8,-8,
-8,-8,-8,-8,-8,-8,-8,-8,-8,0,-8,0,-8]} 1. d4 Nf6 2. c4 e6 3. Nf3 d5 4. g3 Be7
5. Bg2 O-O 6. O-O dxc4 7. Qc2 b5 8. a4 {E05: Open Catalan: 5 Nf3 Be7.} b4 9.
Nfd2 Nd5 $1 {[%mdl 4] is now more promising than 9...c6.} 10. Nxc4 c5 11. dxc5
Ba6 12. Ne3 Nd7 $1 13. Nxd5 exd5 14. c6 Rc8 15. Bf4 Nc5 16. Rd1 d4 17. h4 h6 {
[#]} 18. c7 $146 ({White should try} 18. Bf3 $14) ({Predecessor:} 18. Bf3 Re8
19. Nd2 Bf8 20. Nb3 d3 21. exd3 Bxd3 22. Qxc5 Bxc5 23. Nxc5 Qf6 24. Rxd3 Qf5
25. Rd5 {1-0 (25) Nguyen,T (2569)-Deac,B (2625) Chess.com INT 2020}) 18... Qd7
$1 $11 19. Nd2 Bxe2 20. Rdc1 Nd3 21. Qc6 $1 {[%cal Rc6d7]} Bg4 22. Re1 Bc5 {
White must now prevent ...Qxc6.} 23. Qxd7 Bxd7 24. Nb3 (24. Bb7 $11) 24... Nxf4
({Black should play} 24... Nxe1 $15 25. Nxc5 Nxg2 26. Kxg2 Bc6+ 27. Kf1 Bf3)
25. Nxc5 Nxg2 (25... Rxc7 $6 26. Nxd7 Nxg2 27. Re7 $16) 26. Re7 Bc6 {Strongly
threatening ...Rfe8.} ({Don't play} 26... Rxc7 $6 27. Nxd7 Kh8 28. Rd1 $16 (28.
Nxf8 Rxe7 29. Kxg2 Kg8 $14) (28. Kxg2 Rd8 $14)) 27. Rd1 Rfe8 28. Rxe8+ Bxe8 29.
Na6 Ne1 $1 {[%cal Re1f3]} 30. Rxe1 Bxa4 {[%mdl 4096] Endgame KRB-KRN} 31. Re5 {
[#] Threatens to win with Rd5.} Kf8 (31... Bb3 {with more complications.} 32.
Re7 Bc4 33. Nxb4 Kh7 34. Rd7 Bb5) 32. Rd5 {And now Rd8+ would win.} Ke8 33.
Rxd4 Bb5 34. Nxb4 Rxc7 35. Rd1 Rd7 36. Ra1 Rd4 37. Na2 Rd2 38. Nc3 a6 39. b4 (
39. Na4 $11) 39... Rb2 (39... Rd4 $17) 40. Rb1 {The position is equal.} Rxb1+
41. Nxb1 {KB-KN} Ke7 {...Kd6 is the strong threat.} 42. Nc3 Ke6 {[#] Hoping
for ...Ke5.} 43. f4 Kf5 44. Kf2 Bc6 45. Ke3 Kg4 46. Kf2 Kf5 47. Ke3 Kg4 48. Kf2
$1 {Weighted Error Value: White=0.10/Black=0.09} 1/2-1/2

[Event "FIDE Chesscom Grand Swiss 2021"]
[Site "Riga"]
[Date "2021.10.28"]
[Round "2.5"]
[White "Artemiev, Vladislav"]
[Black "Brkic, Ante"]
[Result "1/2-1/2"]
[WhiteElo "2699"]
[BlackElo "2621"]
[Annotator "TA"]
[PlyCount "67"]
[EventDate "2021.10.27"]
[EventType "swiss"]
[EventCountry "LAT"]
[Tiebreak "Cut1 Buchholz+Sonneborn-Berger (Swiss)"]
[SourceTitle "playchess.com"]
[Source "ChessBase"]
[SourceQuality "1"]

{[%evp 11,67,-4,12,4,16,0,9,0,3,0,0,-1,12,16,10,4,32,0,2,8,3,0,18,14,20,18,23,
14,21,20,20,22,21,15,18,8,6,6,11,7,16,6,18,2,11,0,0,0,0,0,0,0,0,0,0,0,0,0]} 1.
Nf3 d5 2. g3 g6 3. Bg2 Bg7 4. d4 Nf6 5. O-O O-O 6. c3 c6 7. a4 {D02: 1 d4 d5 2
Nf3 sidelines, including 2...Nf6 3 g3 and 2...Nf6 3 Bf4.} Bf5 8. Bf4 Nbd7 9.
Nbd2 {[#]} h6 $146 ({Predecessor:} 9... a5 10. Qb3 Qb6 {1/2-1/2 (10) Donchenko,
A (2448)-Katalymov,B (2378) Naumburg 2002}) 10. Re1 g5 11. Be5 e6 12. Bd6 Re8
13. Ne5 Rc8 14. Nxd7 (14. a5 {is interesting.} c5 15. e3 b6 16. Bf1 Nf8 17.
Bxf8 Rxf8 18. Ba6) 14... Nxd7 15. e4 dxe4 16. Bxe4 Nf6 17. Bxf5 Qxd6 {[#]} 18.
Nc4 $1 Qc7 19. Bd3 Red8 {The position is equal.} 20. Qc2 c5 21. dxc5 Qxc5 {
White must now prevent ...Rxd3!} 22. Bf1 Rd7 23. Rad1 Rcd8 24. Rxd7 Rxd7 25.
Qe2 Nd5 26. a5 Ne7 27. Qf3 Nc6 28. Rd1 Rxd1 29. Qxd1 Qd5 30. Be2 Qxd1+ 31. Bxd1
Ne5 32. Nd6 Nd3 33. Nc4 Ne5 34. Nd6 {A rather calm draw.  Weighted Error Value:
White=0.05/Black=0.05} 1/2-1/2

[Event "FIDE Chesscom Grand Swiss 2021"]
[Site "Riga"]
[Date "2021.10.28"]
[Round "2.6"]
[White "Bluebaum, Matthias"]
[Black "Wojtaszek, Radoslaw"]
[Result "1/2-1/2"]
[WhiteElo "2640"]
[BlackElo "2691"]
[Annotator "TA"]
[PlyCount "48"]
[EventDate "2021.10.27"]
[EventType "swiss"]
[EventCountry "LAT"]
[Tiebreak "Cut1 Buchholz+Sonneborn-Berger (Swiss)"]
[SourceTitle "playchess.com"]
[Source "ChessBase"]
[SourceQuality "1"]

{[%evp 13,48,0,0,-10,0,-10,0,0,0,0,0,0,0,0,0,0,0,0,0,-8,-14,-13,-13,-24,-7,-10,
-16,-29,-14,-31,-22,-50,0,0,0,-27,0]} 1. d4 Nf6 2. c4 e6 3. Nc3 Bb4 4. e3 O-O
5. Bd3 d5 6. cxd5 exd5 7. Nge2 Re8 8. Bd2 {E48: Nimzo-Indian: Rubinstein: 5
Bd3 d5 including 6 Ne2, but excluding 6 a3.} Bd6 9. Qc2 a6 10. f3 {The
position is equal.} c5 11. dxc5 Bxc5 12. e4 {[#]} d4 $146 ({Predecessor:} 12...
Nc6 13. Nxd5 Ne5 14. O-O-O Nxd5 15. exd5 Nxd3+ 16. Qxd3 Re5 17. Ng3 Rxd5 18.
Qe4 Be6 {1/2-1/2 (39) Vitiugov,N (2727)-Korobov,A (2685) Yasnaya Polyana 2021})
13. Nd5 Nbd7 14. Bg5 Qa5+ 15. Bd2 Qd8 16. Nxf6+ Qxf6 17. O-O Ba7 18. Nf4 Nc5
19. Nd5 Qd8 20. Bf4 Bd7 21. Bc7 $1 {[%cal Rc7d8]} Qg5 22. Bf4 Qd8 23. Bc7 $1 {
[%cal Rc7d8]} Qg5 24. Bf4 Qd8 {Weighted Error Value: White=0.05/Black=0.05}
1/2-1/2

[Event "FIDE Chesscom Grand Swiss 2021"]
[Site "Riga"]
[Date "2021.10.28"]
[Round "2.7"]
[White "Kollars, Dmitrij"]
[Black "Kryvoruchko, Yuriy"]
[Result "1/2-1/2"]
[WhiteElo "2621"]
[BlackElo "2686"]
[Annotator "TA"]
[PlyCount "60"]
[EventDate "2021.10.27"]
[EventType "swiss"]
[EventCountry "LAT"]
[Tiebreak "Cut1 Buchholz+Sonneborn-Berger (Swiss)"]
[SourceTitle "playchess.com"]
[Source "ChessBase"]
[SourceQuality "1"]

{[%evp 15,60,14,23,10,26,24,18,12,16,17,25,25,13,23,22,26,18,22,12,8,10,14,22,
22,22,22,22,22,22,22,35,24,25,22,22,22,22,22,22,22,22,22,22,22,25,20,33]} 1. e4
e5 2. Nf3 Nc6 3. Bb5 Nf6 4. O-O Nxe4 5. Re1 Nd6 6. Nxe5 Be7 7. Bf1 Nxe5 8. Rxe5
O-O 9. Nc3 {C67: Ruy Lopez: Berlin Defence: 4 0-0 Nxe4.} Bf6 10. Re1 Re8 11.
Nd5 Rxe1 12. Qxe1 b6 13. d3 Bb7 14. Nxf6+ Qxf6 15. Qe3 c5 16. c3 Nf5 17. Qf4 h6
18. Bd2 g5 {[#]} 19. Qg4 $146 ({Predecessor:} 19. Qc7 Qc6 20. Qxc6 Bxc6 21. Re1
Kf8 22. g3 Re8 23. Rxe8+ Kxe8 24. Bh3 Ng7 25. f4 {1/2-1/2 (36) Yu,Y (2721)
-Lysyj,I (2671) Baku 2015}) 19... Re8 20. f4 {[%cal Rf4g5]} Ne3 21. Qg3 Nxf1 ({
Wrong is} 21... Qxf4 $2 22. Re1 $18) 22. Rxf1 {[%cal Rf4g5]} Re2 23. fxg5 $40 {
[%mdl 128] Black needs to defend precisely.} Qd6 24. Rf2 $1 (24. Qxd6 {leads
to mate.} Rxg2+ 25. Kh1 Rxg5+ 26. Qd5 Bxd5+ 27. Rf3 Bxf3#) 24... Qxg3 25. hxg3
Rxf2 26. Kxf2 hxg5 27. Bxg5 $11 {KB-KB} Kf8 28. Bf4 Ke7 29. Bb8 Kd8 $1 30. Bd6
f5 {A rather calm draw.  Weighted Error Value: White=0.01/Black=0.02} 1/2-1/2

[Event "FIDE Chesscom Grand Swiss 2021"]
[Site "Riga"]
[Date "2021.10.28"]
[Round "2.8"]
[White "Predke, Alexandr"]
[Black "Yakubboev, Nodirbek"]
[Result "1-0"]
[WhiteElo "2666"]
[BlackElo "2621"]
[Annotator "TA"]
[PlyCount "67"]
[EventDate "2021.10.27"]
[EventType "swiss"]
[EventCountry "LAT"]
[Tiebreak "Cut1 Buchholz+Sonneborn-Berger (Swiss)"]
[SourceTitle "playchess.com"]
[Source "ChessBase"]
[SourceQuality "1"]

{[%evp 10,67,44,27,55,47,40,43,35,39,41,39,37,39,37,20,8,0,50,52,236,230,222,
225,347,339,400,404,394,385,363,338,302,320,317,313,373,374,374,318,205,99,199,
144,124,97,161,149,235,222,478,478,443,423,829,790,1053,1034,1546,1265]} 1. d4
Nf6 2. c4 g6 3. Nc3 Bg7 4. e4 d6 5. h3 O-O 6. Bg5 Nc6 {E71: King's Indian: 4
e4 d6 5 h3.} 7. Nf3 h6 8. Be3 e5 {White is slightly better.} 9. d5 Nd4 10. Nxd4
exd4 11. Qxd4 Ng4 {[#]} 12. hxg4 $146 ({Predecessor:} 12. Qd2 Nxe3 13. Qxe3 f5
14. O-O-O a6 15. Bd3 b5 16. exf5 bxc4 17. Bxc4 Bxf5 18. g4 Re8 19. Qg3 Be4 20.
Rhe1 Qf6 21. f4 Rab8 22. Rd2 Qxc3+ {0-1 (22) Potapov,A (2399)-Goluch,P (2231)
Pardubice 2014}) 12... Bxd4 13. Bxd4 Kh7 14. Be2 f5 $2 ({Black should play} 
14... g5 $14) 15. exf5 $1 $18 gxf5 {[#]} 16. Rh5 $1 {Strongly threatening g5.}
Kg6 (16... Rg8 $142) 17. Kd2 fxg4 18. Rah1 Bf5 19. Rxh6+ Kf7 {intending ...
Qg5+.} 20. R1h5 Ke7 21. Nd1 c5 22. Bc3 Kd7 23. Ne3 $1 {[%csl LRf5,LRg4][%mdl
64] Double Attack} Bb1 24. Bxg4+ Kc7 25. f3 (25. Kc1 $18 {has better winning
chances.} Be4 26. Re6) 25... Qe8 (25... a6 $16 {was necessary.}) 26. Rh1 (26.
Re6 $18 Qf7 27. Rh1) 26... Bg6 $16 27. Re1 {[%mdl 1024] White has strong
compensation.} Rg8 {[#]} (27... a6 $16 {was called for.}) 28. Be6 $1 $18 Qf8 (
28... Qe7 $16) 29. Reh1 {[%cal Be1h1,Bh1h4,Bh4g4][%mdl 32]} Re8 $2 (29... Qe7 {
might work better.} 30. f4 (30. Bxg8 Rxg8 31. Rh8 Rxh8 $16) 30... Raf8) 30.
R1h4 {White is clearly winning.} Rxe6 31. dxe6 Qe8 (31... Kc6 $142 32. Nd5 b5
33. Rxg6 Rxg6) 32. Nd5+ Kc6 33. Nf6 {[%mdl 64] Double Attack} Qe7 34. Rg4 {
Weighted Error Value: White=0.09/Black=0.57} 1-0

[Event "FIDE Chesscom Grand Swiss 2021"]
[Site "Riga"]
[Date "2021.10.28"]
[Round "2.9"]
[White "Petrosyan, Manuel"]
[Black "Ponkratov, Pavel"]
[Result "1/2-1/2"]
[WhiteElo "2605"]
[BlackElo "2659"]
[Annotator "TA"]
[PlyCount "64"]
[EventDate "2021.10.27"]
[EventType "swiss"]
[EventCountry "LAT"]
[Tiebreak "Cut1 Buchholz+Sonneborn-Berger (Swiss)"]
[SourceTitle "playchess.com"]
[Source "ChessBase"]
[SourceQuality "1"]

{[%evp 16,64,19,14,33,-18,0,-10,-21,-46,-33,-71,-63,-50,-41,-69,-45,-89,-85,
-120,-18,-14,-15,-52,-54,-58,-47,-75,-12,-23,-26,-29,-26,-77,0,-6,0,0,0,0,0,0,
0,0,0,0,0,0,0,0,0]} 1. d4 Nf6 2. c4 g6 3. Nc3 d5 4. cxd5 Nxd5 5. e4 Nxc3 6.
bxc3 Bg7 7. Bb5+ c6 8. Ba4 b5 9. Bb3 a5 {D85: Exchange Grünfeld: Unusual White
7th moves and lines with 7 Nf3.} 10. a4 ({Better is} 10. Nf3 $14) 10... b4 11.
Bb2 O-O {[#]} 12. cxb4 $146 ({Predecessor:} 12. Ne2 Ba6 13. O-O c5 14. c4 Nc6
15. Qc2 Nxd4 16. Nxd4 cxd4 17. Rad1 Rc8 18. f4 {0-1 (26) Alvarez Garcia,
J-Canon Lopez,M Asturias 1996}) 12... Na6 13. b5 cxb5 14. axb5 {[#]} Qb6 15.
Ne2 (15. bxa6 Qb4+ 16. Qd2 Qxb3 $17) 15... Qxb5 16. Nc3 Qb7 17. Rxa5 {[#]} Rd8
(17... Bg4 $1 $17 {[%cal Rg4d1][%mdl 512]} 18. f3 (18. Qxg4 $2 Qxb3 19. Qe2 Nb4
$19) 18... Bd7) 18. Rb5 $11 Qa7 {With the idea ...Nc7.} 19. Rd5 Rxd5 20. Nxd5
e6 $1 {[%cal Re6d5]} 21. Ne3 Rb8 (21... Qb7 $17 {...Rb8 is the strong threat.}
22. Ba1 Nc5 $1) 22. Bc3 {[#]} Nc5 $1 23. Bc2 {[#]} Qc7 $1 {Threatens to win
with ...Nxe4!} 24. Ba1 {[#]} (24. O-O $11 {keeps the balance.}) 24... Qa5+ ({
Black should try} 24... Ba6 $1 $17 25. f3 {[#]} Nd3+ $1 {[%mdl 64] Deflection}
26. Bxd3 Bxd3 27. Qxd3 Qc1+ {[%mdl 64] Double Attack} 28. Nd1 Qxa1) 25. Ke2 {
The position is equal.} Ba6+ 26. Kf3 Nxe4 27. Bxe4 {Black must now prevent g3.}
({Don't go for} 27. Kxe4 $2 Bb7+ 28. Kd3 (28. d5 $2 exd5+ 29. Kf4 Qc7+ 30. Kg4
d4 $19) 28... e5 $19) 27... Qh5+ $1 28. Kg3 $1 {Hoping for Qxh5.} Be2 29. Qc2
Qg5+ 30. Kh3 Qh5+ 31. Kg3 {And now f4 would win.} Qg5+ 32. Kh3 Qh5+ {Weighted
Error Value: White=0.18/Black=0.14} 1/2-1/2

[Event "FIDE Chesscom Grand Swiss 2021"]
[Site "Riga"]
[Date "2021.10.28"]
[Round "2.10"]
[White "Howell, David W L"]
[Black "Neiksans, Arturs"]
[Result "1/2-1/2"]
[WhiteElo "2658"]
[BlackElo "2570"]
[Annotator "TA"]
[PlyCount "284"]
[EventDate "2021.10.27"]
[EventType "swiss"]
[EventCountry "LAT"]
[Tiebreak "Cut1 Buchholz+Sonneborn-Berger (Swiss)"]
[SourceTitle "playchess.com"]
[Source "ChessBase"]
[SourceQuality "1"]

{[%evp 25,284,17,40,42,46,31,41,43,36,-80,-88,-130,-114,-110,-118,-140,-138,
-117,-110,-107,-110,-105,-106,-107,-102,-117,-75,-262,-105,-159,-164,-171,-160,
-123,-119,-176,-170,-166,-167,-164,-39,-172,-172,-174,-174,-174,-172,-195,-195,
-195,-198,-202,-202,-202,-202,-202,-202,-202,-202,-202,-68,-202,-169,-190,-180,
-202,-197,-307,-194,-193,-178,-201,-200,-195,-197,-689,-266,-283,-280,-440,
-396,-439,-484,-408,-373,-479,-427,-381,-222,-247,-215,-222,-225,-189,0,-554,
-550,-540,-500,-566,-564,-566,-539,-539,-526,-524,-504,-561,-493,-555,-525,
-495,-449,-495,-496,-490,-437,-461,-429,-451,-451,-456,-451,-498,-523,-496,
-515,-504,-485,-487,-437,-416,-409,-513,-420,-412,-306,-309,-302,-282,-279,
-309,-300,-245,-250,-301,-300,-304,-271,-280,-233,-241,-239,-245,-96,-253,-245,
-237,-182,-191,-100,-147,-202,-177,-181,-106,-88,-299,-238,-298,-246,-427,-427,
-414,-289,-391,-395,-395,-159,-163,-142,-61,0,0,0,0,30,0,0,-210,-239,-234,-239,
-220,-148,-152,0,0,0,0,0,0,0,-243,0,-97,-175,-139,-205,-161,0,-156,-39,-25,0,0,
0,0,0,0,0,0,0,0,0,0,0,0,0,0,0,0,19,0,0,0,0,0,0,0,0,0,0,0,0,0,0,0,0,0,0,0,0,0,0,
0,0,0,0,0,0]} 1. Nf3 Nf6 2. c4 e6 3. g3 b6 4. Bg2 Bb7 5. O-O Be7 6. d4 O-O 7.
Re1 d5 8. cxd5 exd5 9. Nc3 Na6 10. Bf4 c5 11. Rc1 Ne4 12. dxc5 Naxc5 13. Be5 a6
$5 {[%mdl 4] Exploring less charted territory.} 14. a3 {[#] E17: Queen's
Indian: 4 g3 Bb7 5 Bg2 Be7.} b5 $5 $146 {[%mdl 8] New and interesting.} ({
Predecessor:} 14... Re8 15. b4 Ne6 16. Nd4 Bf6 17. Nxe6 Rxe6 18. Nxe4 Bxe5 19.
Nc3 Rd6 20. Qb3 g6 21. e3 Qd7 {1/2-1/2 (39) Zenzera,A (2440)-Rozum,I (2539)
Kaliningrad 2015}) 15. b4 Ne6 16. Qb3 {White is slightly better.} Rc8 17. Nd4 (
17. Rcd1 $14 {keeps the upper hand.} Nxc3 18. Bxc3) 17... Nd2 $1 $17 {[%cal
Rd2b3]} 18. Qa2 Nc4 19. Nxe6 fxe6 20. Bd4 e5 21. Ba7 Qd7 22. e4 {[%cal Re4d5]}
Ba8 23. Bc5 Bxc5 24. bxc5 {[%cal Rc3d5]} d4 $36 {[%mdl 2048] White is under
strong pressure.} (24... Rxc5 $6 25. Nxd5 Bxd5 26. exd5 $11) 25. Na4 Kh8 26.
Nb2 $2 (26. Nb6 $17 Nxb6 27. cxb6) 26... Rxc5 (26... d3 $1 $19 {[%cal Rd3d2]}
27. Rxc4 (27. Nxc4 $2 bxc4 28. Red1 Rxc5 $19) 27... bxc4 28. Qxc4 d2) 27. Nxc4
(27. Nd3 $142 Rcc8 28. a4) 27... Qf7 $1 {[%mdl 64] Pin} (27... bxc4 28. Rxc4
Qf7 29. Rc2 $17) 28. Bf1 Rfc8 $1 ({Resist} 28... bxc4 29. Rxc4 Bc6 30. Rc2 $17)
29. Bh3 R8c7 30. Qb1 Rxc4 $19 31. Bf1 Rxc1 32. Rxc1 g6 (32... h6 $19 33. Bd3
Bb7 34. Rxc7 Qxc7) 33. a4 {[#]} (33. Bd3 $15) 33... Bxe4 $1 {[%mdl 576]
Deflection} 34. Qxe4 (34. Rxc7 $2 Qf3 $19) 34... Rxc1 35. Qxe5+ {[%mdl 4096]
Endgame KQR-KQB} Kg8 36. axb5 axb5 37. Qxd4 Qc4 $1 {[%csl Gc1][%cal Rc4f1]} 38.
Qd8+ Kf7 {[%csl Gc1][%cal Rc4f1]} 39. Qd7+ Kf6 {[%csl Gc1][%cal Rc4f1]} 40.
Qd6+ Kf5 $1 {[%csl Gc1][%cal Rc4f1]} 41. Qd7+ Ke4 {[%csl Gc1][%cal Rc4f1]} 42.
Qe7+ Kd5 $1 {[%csl Gc1][%cal Rc4f1]} 43. Qd7+ (43. Qd8+ $1 $15 Ke6 44. Qe8+ Kd6
45. Qd8+ Kc5 46. Qe7+ Kc6 47. Qe8+ Kc7 48. Qe7+ Kb6 49. Qd6+ Qc6 50. Qd2) 43...
Kc5 $1 {[%csl Gc1][%cal Rc4f1]} 44. Qe7+ Kb6 {[%csl Gc1][%cal Rc4f1]} 45. Qe3+
Qc5 46. Qe6+ (46. Qd2 $142) 46... Qc6 47. Qe3+ Kb7 48. h4 Qc5 49. Qe4+ Kc7 50.
h5 $2 (50. Qf4+ Kc8 51. Qf7) 50... gxh5 $2 (50... Qc4 51. Qxc4+ bxc4) 51. Qxh7+
Kb6 $1 52. Qd3 (52. Qg8 $142) 52... Ka5 53. Kg2 Qc6+ 54. Kh2 Rc2 55. Kg1 {
If only White now had time for Qa3+....} Qc5 56. Be2 Rc3 (56... Ka4 $142 57.
Kg2 b4) 57. Qd2 b4 58. Qa2+ Ra3 59. Qg8 b3 $2 ({Black should try} 59... Ra1+
$19 60. Kg2 Ka4) 60. Qa8+ $2 {[%mdl 8192]} (60. Qd8+ $1 $11 Ka4 61. Qd7+ Ka5
62. Qd8+ Qb6 63. Qd5+ Kb4 64. Qc4+ Ka5 65. Qd5+ Kb4 66. Qc4+ Ka5 67. Qd5+)
60... Kb4 $1 61. Qe4+ Kc3 $1 ({Weaker is} 61... Ka5 62. Bd1 $17) 62. Kg2 Ra5
63. Qd3+ Kb2 64. Bf3 Ka2 65. Be4 Ka3 66. Qf3 Qe5 67. Bg6 Rb5 68. Bf7 Qf5 69.
Qa8+ Kb2 ({Not} 69... Kb4 70. Qf8+ Qc5 71. Qh6 $19) 70. Qa4 Qe5 71. Qc4 Qc5 72.
Qe2+ Ka3 73. Qf3 Qe5 74. Qa8+ Kb4 75. Qf3 b2 76. Ba2 Qd6 77. Bb1 Ka5 78. Qc3+
Kb6 79. Qh8 Qd5+ 80. Kh2 h4 81. Qf6+ Ka5 82. Qc3+ Ka6 83. Qf6+ Ka7 84. Qe7+ Kb8
85. Qe8+ Kc7 $1 86. Qe7+ Qd7 87. Qxh4 Qf7 88. Qd4 Qh5+ $1 89. Kg1 {intending
Qg7+.} Qd5 (89... Qc5 $1 $19 {[%cal Rc5d4]} 90. Qg7+ Kb6 91. Qh6+ Kb7) 90. Qc3+
$2 (90. Qa7+ $17 {was the only chance.} Rb7 91. Qa4) 90... Qc5 91. Qg7+ Kb6 92.
Qf6+ Ka5 (92... Qc6 $19 93. Qd8+ Ka6) 93. Qd8+ Rb6 $1 94. Qd2+ Ka6 95. Qd3+ Rb5
$1 96. Qe4 $2 (96. Qd7 $17 {was called for.}) 96... Qd5 97. Qe2 Kb6 98. Qc2 $2
(98. Qe3+ Rc5 99. Be4 Qd1+ 100. Kg2) 98... Qd4 99. Kg2 Qe5 100. Qg6+ Ka5 101.
Qc2 Rc5 (101... Qd4 $19 {is more deadly.} 102. Qe2 Re5) 102. Qd2+ $17 Ka6 $1
103. Qd3+ Kb6 (103... Rb5 $1 $15 104. f3 Qd5 105. Qa3+ Kb6 106. Qe3+ Rc5) 104.
Qd8+ $11 Qc7 105. Qd4 Qc6+ 106. Kh2 Kc7 107. Qf4+ $2 (107. Qg7+ $11 {and White
has nothing to worry.} Kc8 108. Qh8+ Kc7 109. Qg7+ Kd6 110. Qg6+ Ke7 111. Qh7+
Ke8 112. Qh8+ Kf7 113. Qh7+ Kf8 114. Qh8+ Kf7 115. Qh7+ Ke8 116. Qh8+ Kf7)
107... Qd6 $19 108. Qf7+ Kb6 $1 109. Qb3+ Rb5 110. Qe3+ Qc5 $2 (110... Kb7 $17
111. Qf3+ Kc7 112. Qc3+ Kb7 113. Qf3+ Ka6) 111. Qe6+ $11 Ka7 112. Qa2+ (112.
Qd7+ {is more complex.} Kb6 113. Qd8+ Ka7 114. Qd7+) 112... Kb8 113. Qg8+ $1
Qc8 114. Qg6 $2 (114. Qf7 $1 $11 {and White stays safe.} Qc6 115. Qf4+ Qc7 116.
Qf8+ Ka7 117. Qe8) 114... Qh8+ $2 ({Better is} 114... Qd7 $1 $19 115. Qe4 Qd5
116. Qe8+ Kc7) 115. Kg2 {[#]} (115. Kg1 $11) 115... Qe5 $1 $17 116. Qg8+ Kc7
117. Qh7+ {[#]} Kb6 $2 (117... Kc6 $1 $19 118. Qg6+ Kc5 119. Qc2+ Kd6) 118.
Qh6+ $2 (118. Qg6+ $1 $11 Ka5 119. Qc2) 118... Ka7 (118... Kc5 $17 {Hoping for
...Qd4.} 119. Qf8+ Qd6) 119. Qh7+ $1 $15 Rb7 120. Qg8 {The position is equal.}
Rc7 (120... Qd4 $5 121. Qa2+ $8 Kb8 122. Qg8+ Ka7 123. Qa2+ Kb8 124. Qg8+ Ka7
$17) 121. Qa2+ Kb6 (121... Kb8 $2 122. Qb3+ Ka7 123. Qa3+ Kb6 124. Qb3+ Kc5
125. Qa3+ Kb6 126. Qb4+ Qb5 127. Qd4+ Ka6 128. Qe3 $19) 122. Qb3+ Qb5 (122...
Ka5 {is more complex.} 123. Qa3+ Kb6 124. Qb3+) 123. Qe3+ Kb7 {White must now
prevent ...Qb4.} 124. Qf3+ Kb8 125. Qf8+ Ka7 {And now ...Qb7+ would win.} (
125... Rc8 $2 126. Qd6+ Kb7 127. Be4+ Rc6 128. Qd7+ Kb6 129. Qd8+ Kc5 130. Qg5+
Kb6 131. Qd8+ Kb7 132. Qe7+ Kb6 133. Qd8+ $19) 126. Qa3+ Kb6 {Threatens to win
with ...Rc4.} 127. Qe3+ Rc5 128. Qd4 Qc6+ 129. Kh2 Ka7 {...Ka6 is the strong
threat.} (129... Kc7 $5 130. Qg7+ $8 Kd6 131. Qg6+ Kc7 132. Qg7+ Kd8 133. Qh8+
Kd7 $11) 130. Be4 Qb5 {Strongly threatening ...Ka6.} 131. Bb1 Qb6 132. Qa4+ Kb8
{aiming for ...Kc7.} (132... Qa5 {keeps more tension.} 133. Qd7+ Qc7 134. Qa4+
Kb6 135. Qb4+ Rb5) 133. Qe8+ Rc8 134. Qe5+ Ka7 (134... Rc7 $5 135. Qe8+ $8 Ka7
136. Qa4+ Qa6 137. Qd4+ $11) 135. Qe7+ Qb7 (135... Rc7 $5 136. Qa3+ $8 Kb7 137.
Be4+ $11) 136. Qa3+ Kb8 {( -> ...Rh8+)} 137. Qd6+ (137. Qb3 {keeps more
tension.}) 137... Rc7 (137... Ka7 {with more complications.}) 138. Qf8+ (138.
Kg1 {feels hotter.}) 138... Qc8 (138... Ka7 $5 139. Qa3+ $8 $11) 139. Qb4+ Rb7
140. Qd6+ Qc7 141. Qf8+ Qc8 (141... Ka7 $5 142. Qa3+ $8 $11) 142. Qd6+ Qc7 {
Weighted Error Value: White=0.62/Black=0.26} 1/2-1/2